Threat and violence interventions: the effective application of influence

Guardado en:  
Detalles Bibliográficos
Autor principal: Cawood, James S. (Autor)
Tipo de documento: Print Libro
Lenguaje:Inglés
Publicado: Amsterdam Academic Press, an imprint of Elsevier [2021]
En:Año: 2021
Acceso en línea: Índice
Texto de la solapa
Disponibilidad en Tübingen:Disponible en Tübingen.
UB: KB 9 E 3098
Verificar disponibilidad: HBZ Gateway
Servicio de pedido Subito: Pedir ahora.
Palabras clave:

MARC

LEADER 00000cam a2200000 c 4500
001 1742834299
003 DE-627
005 20251226190951.0
007 tu
008 201215s2021 ne ||||| 00| ||eng c
020 |a 9780128184257  |c pbk. : (£95.95)  |9 978-0-12-818425-7 
035 |a (DE-627)1742834299 
035 |a (DE-599)KXP1742834299 
040 |a DE-627  |b ger  |c DE-627  |e rda 
041 |a eng 
044 |c XA-NL 
082 0 |a 303.6 
084 |a 2,1  |2 ssgn 
100 1 |a Cawood, James S.  |e VerfasserIn  |0 (DE-588)1201837162  |0 (DE-627)1686068948  |4 aut 
245 1 0 |a Threat and violence interventions  |b the effective application of influence  |c James S. Cawood, PH.D, CPP, CTM, Factor One, Inc. 
263 |a 202011 
264 1 |a Amsterdam  |b Academic Press, an imprint of Elsevier  |c [2021] 
300 |a xvi, 176 Seiten  |c 24 cm 
336 |a Text  |b txt  |2 rdacontent 
337 |a ohne Hilfsmittel zu benutzen  |b n  |2 rdamedia 
338 |a Band  |b nc  |2 rdacarrier 
583 1 |a Archivierung/Langzeitarchivierung gewährleistet  |f SSG  |x XA-DE-BW  |2 pdager  |5 DE-21 
650 0 |a Violence  |x Prevention 
650 0 |a Threats of violence 
650 0 |a Influence (Psychology) 
650 0 |a Conflict Management 
689 0 0 |d s  |0 (DE-588)4157237-3  |0 (DE-627)105502421  |0 (DE-576)209832878  |a Gewalttätigkeit  |2 gnd 
689 0 1 |d s  |0 (DE-588)4076308-0  |0 (DE-627)104364106  |0 (DE-576)209201428  |a Prävention  |2 gnd 
689 0 2 |d s  |0 (DE-588)4033206-8  |0 (DE-627)106258486  |0 (DE-576)209000619  |a Krisenintervention  |2 gnd 
689 0 |5 (DE-627) 
776 1 |z 9780128184264  |c ePub ebook 
776 1 |z 9780128184264 
856 4 2 |u https://swbplus.bsz-bw.de/bsz1742834299inh.htm  |m V:DE-576;B:DE-21  |q application/pdf  |v 20210223193259  |3 Inhaltsverzeichnis  |7 1 
856 4 2 |u https://swbplus.bsz-bw.de/bsz1742834299kla.htm  |m V:DE-576;B:DE-21  |q application/pdf  |v 20210223193259  |3 Klappentext  |7 1 
951 |a BO 
ELC |b 1 
LOK |0 000 xxxxxcx a22 zn 4500 
LOK |0 001 3825709612 
LOK |0 003 DE-627 
LOK |0 004 1742834299 
LOK |0 005 20210210123850 
LOK |0 008 201215||||||||||||||||ger||||||| 
LOK |0 040   |a DE-21  |c DE-627  |d DE-21 
LOK |0 852   |a DE-21 
LOK |0 852 1  |c KB 9 E 3098  |9 00 
LOK |0 935   |a krim 
LOK |0 938   |a 2102  |f 34 
LOK |0 939   |a 15-12-20  |b l01 
ORI |a SA-MARC-krimdoka001.raw 
SIG |a UB: KB 9 E 3098